Entry Nombre personal
001 - NÚMERO DE CONTROL
- campo de control: 53376
003 - IDENTIFICADOR DE NÚMERO DE CONTROL
- campo de control: SpMaBN
005 - FECHA Y HORA DE LA ÚLTIMA TRANSACCIÓN
- campo de control: 20250713020900.0
008 - ELEMENTOS DE DATO DE LONGITUD-FIJA
- campo de control de longitud fija: 020401n| aijnnaabn |a aaa
016 ## - NÚMERO DE CONTROL DE UNA AGENCIA BIBLIOGRÁFICA NACIONAL
- Número de control del registro: BNE20020757593
024 7# - IDENTIFICADOR DE OTROS ESTÁNDARES
- Número estándar o código: http://www.wikidata.org/entity/Q5888565
- Fuente: wikidata
024 7# - IDENTIFICADOR DE OTROS ESTÁNDARES
- Número estándar o código: http://viaf.org/viaf/8075161575649104730003/
- Fuente: viaf
040 ## - FUENTE DE CATALOGACIÓN
- Centro catalogador/agencia de origen: SpMaBN
- Lengua de catalogación: spa
- Centro/agencia transcriptor: SpMaBN
- Normas de descripción: rdc
- Convención/Normas de encabezamiento de materia/tesauro: embne
046 ## - FECHAS CON CODIFICACIÓN ESPECIAL
- Fecha de nacimiento: 1941
- Fecha de la muerte: 2021
100 1# - ENCABEZAMIENTO-NOMBRE DE PERSONA
- Nombre de persona: Galeote, Guillermo,
- Fechas asociadas al nombre: 1941-2021
370 ## - LUGAR ASOCIADO
- Lugar de nacimiento: España, País Vasco, Guipúzcoa, San Sebastián
- Fuente del término: embne
370 ## - LUGAR ASOCIADO
- Lugar de fallecimiento: España, Madrid (Comunidad Autónoma), Madrid
- Fuente del término: embne
372 ## - CAMPO DE ACTIVIDAD
- Campo de actividad: Medicina
- Campo de actividad: Política
- Fuente del término: embne
374 ## - OCUPACIÓN
- Ocupación: Médicos
- Ocupación: Políticos
- Fuente del término: embne
375 ## - GÉNERO/SEXO
- Género: Masculino
377 ## - IDIOMA ASOCIADO
- Término de lengua/lenguaje: Español
400 1# - TRAZADO DE VÉASE--NOMBRE DE PERSONA
- Nombre de persona: Galeote Jiménez, Guillermo,
- Fechas asociadas al nombre: 1941-2021
670 ## - FUENTE DE DATOS ENCONTRADOS
- Cita de la fuente: Partido Socialista Obrero Español, D.L. 1977
- Información encontrada: carátula (Guillermo Galeote)
670 ## - FUENTE DE DATOS ENCONTRADOS
- Cita de la fuente: WWW El Mundo, 19-09-2002
- Información encontrada: (Guillermo Galeote Jiménez; n. 1941; nombrado en 1988 encargado de finanzas en el PSOE)
670 ## - FUENTE DE DATOS ENCONTRADOS
- Cita de la fuente: WWW Wikipedia, 01-02-2021
- Información encontrada: (Guillermo Galeote. Guillermo Galeote Jiménez (San Sebastián, 6 de mayo de 1941-Madrid, 28 de enero de 2021) fue un político socialista y médico español. Médico internista de formación y profesión. Afiliado al PSOE, miembro de la comisión permanente del PSOE en el interior y secretario de propaganda de la comisión ejecutiva federal, también secretario de prensa y propaganda y secretario de Administración y Finanzas)
- Identificador Uniforme de Recursos: https://es.wikipedia.org/wiki/Guillermo_Galeote
